A desk-book of errors in English, including notes on colloquialisms and slang to be avoided in conversation. (Record no. 948)

000 -LEADER
fixed length control field 00775nam a2200217 a 4500
001 - CONTROL NUMBER
control field :::00014127$&:&@@
003 - CONTROL NUMBER IDENTIFIER
control field OkBaRHE
005 - DATE AND TIME OF LATEST TRANSACTION
control field 20100325145236.0
008 - FIXED-LENGTH DATA ELEMENTS--GENERAL INFORMATION
fixed length control field s1971 j 000 0 eng u
040 ## - CATALOGING SOURCE
Transcribing agency
100 1# - MAIN ENTRY--PERSONAL NAME
Personal name Vizetelly, Francis Horace, 1864-1938.
245 12 - TITLE STATEMENT
Title A desk-book of errors in English, including notes on colloquialisms and slang to be avoided in conversation.
250 ## - EDITION STATEMENT
Edition statement A rev. ed.
260 ## - PUBLICATION, DISTRIBUTION, ETC. (IMPRINT)
Place of publication, distribution, etc New York, NY., :
Name of publisher, distributor, etc Funk and Wagnalls Company
Date of publication, distribution, etc 1971
300 ## - PHYSICAL DESCRIPTION
Extent xi, 232 p. ;
Dimensions 22 cm.
490 0# - SERIES STATEMENT
Series statement Standard desk-book series.
650 ## - SUBJECT ADDED ENTRY--TOPICAL TERM
Topical term or geographic name as entry element English Language
General subdivision Errors of Usage
650 ## - SUBJECT ADDED ENTRY--TOPICAL TERM
Topical term or geographic name as entry element English Language
General subdivision Slang
942 ## - ADDED ENTRY ELEMENTS (KOHA)
Source of classification or shelving scheme
Koha item type Books
Copies
Date acquired Shelving location Koha item type Withdrawn status Source of classification or shelving scheme Not for loan Date last seen Permanent Location Collection code Copy number Damaged status Full call number Barcode Lost status Price effective from
2010-04-14General StacksBooks   2010-04-14RHEMA Bible Training CollegeReference1 PE 1460 .V514127 2010-04-14